000 01111nam a2200337 a 4500
001 000013990
003 DO-SdBPM
005 20260217121249.0
007 ta
008 091202s2006 dr r 001 0 spa d
020 _a9993442550
040 _aDO-SdBPM
_bspa
_cBPMSU
_drda
082 4 _aRD863.44
_bG633c 2006
_222
100 1 _aGómez, Miguel Ángel,
_b1958-
_eautor
_4aut.
245 1 3 _aLa casa del diablo /
_cMiguel Ángel Gómez ; presentación Alejandro Arvelo.
264 _aSanto Domingo :
_bDirección General de la Feria del Libro,
_c2006.
300 _a96 p. :
_b23 cm.
336 _atexto
_btxt
_2rdacontent
337 _asin mediación
_bn
_2rdamedia
338 _avolumen
_bnc
_2rdacarrier
490 0 _aFERILIBRO ;
_v94
500 _aIncluye datos biográficos del autor en la solapa de la cubierta
590 _aInventariado, 2026/VM
650 7 _aCuentos dominicanos
650 7 _aLiteratura dominicana.
650 z _aShort stories, Dominican
650 z _aDominican literature
700 1 _aArvelo Alejandro
910 _aVMateo V. Control de calidad. BPMSU
942 _2ddc
_cBK
999 _c15706
_d15706